00557cam a22001813a 450000100060000000300060000600500170001200800410002904000150007004200070008510000500009224500830014226000290022550600300025451600200028483000290030485600420033339684PGUSA20140828083900.0120513s2012||||xxu|||||s|||||000 | eng d aPGUSAbeng adc1 aKnight, E. F.q(Edward Frederick),d1852-192510aAlbania :bA narrative of recent travelh[electronic resource] /cE. F. Knight bProject Gutenberg,c2012 aPublic domain in the USA. aElectronic text 0aProject Gutenbergv3968440uhttp://www.gutenberg.org/ebooks/39684